Štúdium anizotropných systémov v tuhej a kvapalnej fáze EPR spektroskopiou bakalárska práca

Gespeichert in:
Bibliographische Detailangaben
1. Verfasser: Husáriková, Lucia
Format: Buch
Sprache:Slowakisch
Veröffentlicht: Bratislava FCHPT STU 2013
Online-Zugang:Im OPAC anzeigen
Tags: Tag hinzufügen
Keine Tags, Fügen Sie das erste Tag hinzu!

MARC

LEADER 00000nam a2200000 a 4500
005 20260127134028.0
008 150218 2013 000 0 slo d
035 |a vtls010655422 
039 9 |a 201502180958  |b mschk03  |y 201502180957  |z mschk03 
040 |a STUSCHK1  |b slo  |c STUSCHK1  |e AACR2 
100 1 |a Husáriková, Lucia 
245 1 |a Štúdium anizotropných systémov v tuhej a kvapalnej fáze EPR spektroskopiou  |b bakalárska práca  |c Lucia Husáriková 
260 |a Bratislava  |b FCHPT STU  |c 2013 
300 |a 102 s.  |b il.  |c 30 cm 
500 |a Študijný program a odbor: fyzikálna chémia 
500 |a Školiace pracovisko: Odd. fyzikálnej chémie 
910 |a SCHK95 
999 |c 2420  |d 2420